Red kite / (Record no. 21366)

MARC details
000 -LEADER
fixed length control field 00997nam a22002417a 4500
005 - DATE AND TIME OF LATEST TRANSACTION
control field 20090119143636.0
008 - FIXED-LENGTH DATA ELEMENTS--GENERAL INFORMATION
fixed length control field 090119t xxu||||| |||| 00| 1 eng d
010 ## - LCCN (DPL NO)
LC control number B-357779
020 ## - INTERNATIONAL STANDARD BOOK NUMBER
International Standard Book Number 978812372050X
Terms of availability 15.00
035 ## - SYSTEM CONTROL NUMBER
System control number B-357779
037 ## - SOURCE OF ACQUISITION
Source of stock number/acquisition Tarun Books
040 ## - CATALOGING SOURCE
Original cataloging agency dpl
Language of cataloging English
082 ## - DEWEY DECIMAL CLASSIFICATION NUMBER
Classification number S
100 ## - MAIN ENTRY--PERSONAL NAME
Personal name Dharmarajan, Geeta
245 ## - TITLE STATEMENT
Title Red kite /
Statement of responsibility, etc by Geeta Dharmarajan, illustrated by S. Sen Roy
260 ## - PUBLICATION, DISTRIBUTION, ETC. (IMPRINT)
Place of publication, distribution, etc New Delhi
Name of publisher, distributor, etc National Book Trust
Date of publication, distribution, etc 2008 (repr.)
270 ## - ADDRESS
Address A-5 Green Park
City New Delhi
Postal code 110016
300 ## - PHYSICAL DESCRIPTION
Extent Unpaged :
Other physical details col. photos
Dimensions 18cm. (pbk)
700 ## - ADDED ENTRY--PERSONAL NAME
Personal name Roy, S. Sen
942 ## - ADDED ENTRY ELEMENTS (KOHA)
Source of classification or shelving scheme Dewey Decimal Classification
Item type Children Books
Classification part S
Call number suffix DHA
Holdings
Withdrawn status Lost status Source of classification or shelving scheme Damaged status Not for loan Collection code Home library Current library Date acquired Source of acquisition Cost, normal purchase price Total Checkouts Full call number Barcode Date last seen Copy number Cost, replacement price Koha item type
  Written-off vide DLB M. No. 383 dt 16.05.19 Dewey Decimal Classification     Fiction Janak Puri Janak Puri 17/09/2009 Tarun Books/4121/9.9.09/89/2.9.09/11.9.09 15.00 5 S DHA B-357779 27/06/2018 1 15.00 Children Books

© Delhi Public Library
Hit Counter
free hit counter